[Event "MESRRK"]
[Site "?"]
[Date "2018.05.26"]
[Round "6.1"]
[White "Kostolansky, Sebastian Lukas"]
[Black "Juchelka, Marek"]
[Result "1-0"]
[BlackElo "1388"]
[WhiteElo "1923"]
[LiveChessVersion "1.4.8"]

1. e4 {[%clk 0:20:18]} c5 {[%clk 0:20:19]} 2. Nf3 {[%clk 0:20:26]} d6
{[%clk 0:20:27]} 3. c3 {[%clk 0:20:35]} g6 {[%clk 0:20:34]} 4. h3
{[%clk 0:20:33]} Bg7 {[%clk 0:20:40]} 5. Bd3 {[%clk 0:20:42]} Nf6
{[%clk 0:20:41]} 6. O-O {[%clk 0:20:50]} O-O {[%clk 0:20:48]} 7. Bc2
{[%clk 0:20:58]} e6 {[%clk 0:20:48]} 8. d4 {[%clk 0:20:55]} cxd4 {[%clk 0:20:56]}
9. cxd4 {[%clk 0:21:04]} d5 {[%clk 0:21:03]} 10. e5 {[%clk 0:20:33]} Nfd7
{[%clk 0:20:56]} 11. Nc3 {[%clk 0:20:41]} Nc6 {[%clk 0:21:04]} 12. a3
{[%clk 0:19:42]} a6 {[%clk 0:21:07]} 13. Bg5 {[%clk 0:18:37]} Qc7
{[%clk 0:20:42]} 14. Qd2 {[%clk 0:18:40]} Re8 {[%clk 0:20:16]} 15. Rac1
{[%clk 0:17:35]} b5 {[%clk 0:20:10]} 16. Ne2 {[%clk 0:17:31]} Qb6
{[%clk 0:20:03]} 17. h4 {[%clk 0:17:15]} h5 {[%clk 0:20:04]} 18. Bh6
{[%clk 0:16:43]} a5 {[%clk 0:19:20]} 19. Qg5 {[%clk 0:13:46]} Kh7
{[%clk 0:19:11]} 20. Bxg7 {[%clk 0:10:06]} Kxg7 {[%clk 0:19:17]} 21. Rfd1
{[%clk 0:08:17]} a4 {[%clk 0:18:57]} 22. Nf4 {[%clk 0:08:19]} Ne7
{[%clk 0:18:46]} 23. Nxh5+ {[%clk 0:08:21]} Kh7 {[%clk 0:18:39]} 24. Nf6+
{[%clk 0:08:09]} Nxf6 {[%clk 0:18:43]} 25. exf6 {[%clk 0:07:31]} Nf5
{[%clk 0:18:47]} 26. g4 {[%clk 0:07:38]} Nh6 {[%clk 0:18:43]} 27. h5
{[%clk 0:07:44]} Rg8 {[%clk 0:18:38]} 28. Ne5 Qa7 {[%clk 0:17:58]} 29. hxg6+
{[%clk 0:07:57]} fxg6 {[%clk 0:18:03]} 30. Bxg6+ {[%clk 0:08:06]} Rxg6
{[%clk 0:17:48]} 31. Qxg6+ {[%clk 0:08:15]} Kh8 {[%clk 0:17:56]} 32. Qxh6+
{[%clk 0:08:24]} 1-0

[Event "MESRRK"]
[Site "?"]
[Date "2018.05.26"]
[Round "6.3"]
[White "Compel, Daniel"]
[Black "Kovalskyi, Roman"]
[Result "0-1"]
[BlackElo "1610"]
[WhiteElo "1314"]
[LiveChessVersion "1.4.8"]

1. e4 {[%clk 0:20:19]} c5 {[%clk 0:20:20]} 2. Bc4 {[%clk 0:20:28]} g6
{[%clk 0:20:28]} 3. c3 {[%clk 0:20:36]} e6 {[%clk 0:20:25]} 4. Qe2
{[%clk 0:20:45]} Ne7 {[%clk 0:20:29]} 5. Bb3 {[%clk 0:20:45]} Bg7
{[%clk 0:20:32]} 6. Nf3 {[%clk 0:20:52]} Nbc6 {[%clk 0:20:40]} 7. O-O
{[%clk 0:20:39]} O-O {[%clk 0:20:47]} 8. e5 {[%clk 0:20:31]} Nf5 {[%clk 0:20:42]}
9. Bc2 {[%clk 0:20:29]} Nfe7 {[%clk 0:20:34]} 10. d4 {[%clk 0:20:36]} cxd4
{[%clk 0:20:40]} 11. cxd4 {[%clk 0:20:44]} d6 {[%clk 0:20:36]} 12. Nc3
{[%clk 0:20:42]} dxe5 {[%clk 0:20:28]} 13. dxe5 {[%clk 0:20:50]} Qa5
{[%clk 0:20:15]} 14. Re1 {[%clk 0:20:11]} Rd8 {[%clk 0:20:13]} 15. Bg5
{[%clk 0:20:14]} Rd7 {[%clk 0:19:27]} 16. Bxe7 {[%clk 0:19:17]} Nxe7
{[%clk 0:19:27]} 17. Nb5 {[%clk 0:18:47]} Nd5 {[%clk 0:19:05]} 18. Nd6
{[%clk 0:18:26]} b6 {[%clk 0:19:03]} 19. Nxc8 {[%clk 0:17:41]} Rxc8
{[%clk 0:19:04]} 20. Bb3 {[%clk 0:16:42]} Nf4 {[%clk 0:18:35]} 21. Qe3
{[%clk 0:16:42]} Nd3 {[%clk 0:18:35]} 22. Red1 {[%clk 0:16:19]} Rcd8
{[%clk 0:18:39]} 23. Rd2 {[%clk 0:15:14]} Nxe5 {[%clk 0:18:32]} 24. Rxd7
{[%clk 0:15:05]} Rxd7 {[%clk 0:18:32]} 25. Rc1 {[%clk 0:14:40]} Ng4
{[%clk 0:16:29]} 26. Qe2 {[%clk 0:13:58]} Rd8 {[%clk 0:13:00]} 27. Bxe6
{[%clk 0:12:44]} Nf6 {[%clk 0:10:57]} 28. Bxf7+ {[%clk 0:09:04]} Kh8
{[%clk 0:09:36]} 29. Rd1 {[%clk 0:07:13]} Rf8 {[%clk 0:09:36]} 30. Bb3
{[%clk 0:05:50]} Re8 {[%clk 0:09:32]} 31. Qd2 {[%clk 0:05:29]} Qc5
{[%clk 0:08:49]} 32. Ng5 {[%clk 0:04:28]} h6 {[%clk 0:08:07]} 33. Nf7+
{[%clk 0:04:34]} Kh7 {[%clk 0:08:13]} 34. Re1 {[%clk 0:03:05]} Ne4
{[%clk 0:06:54]} 35. Qc2 {[%clk 0:01:51]} Qd4 {[%clk 0:06:54]} 36. Rd1
{[%clk 0:00:14]} Qf6 {[%clk 0:05:48]} 37. f3 {[%clk 0:00:12]} Nc5
{[%clk 0:05:26]} 38. Nd6 {[%clk 0:00:12]} Rd8 {[%clk 0:05:16]} 39. Nc4
{[%clk 0:00:13]} Re8 {[%clk 0:04:45]} 40. Nd6 {[%clk 0:00:14]} Rd8
{[%clk 0:04:11]} 41. Nc4 {[%clk 0:00:20]} Rc8 {[%clk 0:02:34]} 42. Rd6
{[%clk 0:00:12]} Qe7 {[%clk 0:02:27]} 43. Qxg6+ {[%clk 0:00:19]} Kh8
{[%clk 0:02:26]} 44. Kf2 {[%clk 0:00:13]} Re8 {[%clk 0:02:29]} 45. Qc2
{[%clk 0:00:00]} Qe1# {[%clk 0:02:29]} 0-1

[Event "MESRRK"]
[Site "?"]
[Date "2018.05.26"]
[Round "6.4"]
[White "Domanskiy, Mykola"]
[Black "Rakovsky, Jakub"]
[Result "1-0"]
[BlackElo "1114"]
[WhiteElo "1598"]
[LiveChessVersion "1.4.8"]

1. e4 {[%clk 0:20:18]} c5 {[%clk 0:20:11]} 2. c3 {[%clk 0:20:27]} d6
{[%clk 0:20:16]} 3. d4 {[%clk 0:20:36]} cxd4 {[%clk 0:20:24]} 4. cxd4
{[%clk 0:20:45]} g6 {[%clk 0:20:32]} 5. Nc3 {[%clk 0:20:53]} Bg7 {[%clk 0:20:40]}
6. Nf3 {[%clk 0:21:02]} Nf6 {[%clk 0:20:34]} 7. Bc4 {[%clk 0:21:08]} b6
{[%clk 0:20:00]} 8. O-O {[%clk 0:20:11]} Bb7 {[%clk 0:20:09]} 9. Re1
{[%clk 0:20:19]} Nbd7 {[%clk 0:20:13]} 10. e5 {[%clk 0:18:01]} dxe5
{[%clk 0:19:43]} 11. dxe5 {[%clk 0:18:09]} Ng4 {[%clk 0:19:08]} 12. Bxf7+
{[%clk 0:18:14]} Kf8 {[%clk 0:17:57]} 13. Ng5 {[%clk 0:18:18]} Nc5
{[%clk 0:17:17]} 14. Qxg4 {[%clk 0:18:18]} Qc7 {[%clk 0:16:10]} 15. b4
{[%clk 0:18:14]} Qc6 {[%clk 0:15:56]} 16. bxc5 {[%clk 0:18:18]} h5
{[%clk 0:15:34]} 17. Qg3 {[%clk 0:18:22]} h4 {[%clk 0:15:24]} 18. Qg4
{[%clk 0:18:23]} Bc8 {[%clk 0:15:14]} 19. Be6 {[%clk 0:18:19]} Qxc5
{[%clk 0:15:08]} 20. Bxc8 {[%clk 0:18:09]} Qxc3 {[%clk 0:15:04]} 21. Be3
{[%clk 0:18:08]} Rxc8 {[%clk 0:14:59]} 22. Rac1 {[%clk 0:18:13]} Bxe5
{[%clk 0:14:21]} 23. Rxc3 {[%clk 0:18:14]} Rxc3 {[%clk 0:14:30]} 24. Ne6+
{[%clk 0:18:17]} Kf7 {[%clk 0:14:25]} 25. Ng5+ {[%clk 0:18:25]} Kf8
{[%clk 0:14:34]} 26. Qf3+ {[%clk 0:18:32]} Ke8 {[%clk 0:14:38]} 27. Qf7+
{[%clk 0:18:40]} Kd8 {[%clk 0:14:46]} 28. Rd1+ {[%clk 0:18:43]} Kc8
{[%clk 0:14:50]} 29. Qe6+ {[%clk 0:18:50]} Kb7 {[%clk 0:14:52]} 30. Qxe5
{[%clk 0:18:56]} Rhc8 {[%clk 0:14:55]} 31. Qxe7+ {[%clk 0:19:05]} Ka6
{[%clk 0:15:02]} 32. Qe4 {[%clk 0:19:05]} h3 {[%clk 0:15:04]} 33. gxh3
{[%clk 0:19:12]} Rxe3 {[%clk 0:14:56]} 34. Qxe3 {[%clk 0:19:18]} Rc1
{[%clk 0:15:00]} 35. Rxc1 {[%clk 0:19:26]} b5 {[%clk 0:15:05]} 36. Rc6+
{[%clk 0:19:34]} Ka5 {[%clk 0:15:14]} 37. Qa3# 1-0

[Event "MESRRK"]
[Site "?"]
[Date "2018.05.26"]
[Round "6.5"]
[White "Salgovic, Simon"]
[Black "Bulej, Matej"]
[Result "1-0"]
[BlackElo "1195"]
[WhiteElo "1643"]
[LiveChessVersion "1.4.8"]

1. e4 {[%clk 0:20:18]} e5 {[%clk 0:20:19]} 2. Nf3 {[%clk 0:20:27]} Nc6
{[%clk 0:20:28]} 3. d4 {[%clk 0:20:29]} exd4 {[%clk 0:20:37]} 4. Bc4
{[%clk 0:20:37]} h6 {[%clk 0:20:40]} 5. O-O {[%clk 0:20:45]} d6 {[%clk 0:20:47]}
6. Nxd4 {[%clk 0:20:37]} Ne5 {[%clk 0:20:56]} 7. Bb3 {[%clk 0:20:36]} Nf6
{[%clk 0:21:02]} 8. f4 {[%clk 0:20:28]} Ng6 {[%clk 0:21:06]} 9. e5
{[%clk 0:18:05]} Nd7 {[%clk 0:20:34]} 10. e6 {[%clk 0:17:22]} fxe6
{[%clk 0:20:18]} 11. Nxe6 {[%clk 0:17:30]} Qf6 {[%clk 0:20:21]} 12. Nxc7+
{[%clk 0:17:32]} Kd8 {[%clk 0:20:24]} 13. Nxa8 {[%clk 0:17:41]} Be7
{[%clk 0:20:23]} 14. Be3 {[%clk 0:17:34]} b6 {[%clk 0:20:18]} 15. Nc3
{[%clk 0:17:28]} Bb7 {[%clk 0:20:20]} 16. Bd5 {[%clk 0:17:21]} Kc8
{[%clk 0:19:53]} 17. Bxb7+ {[%clk 0:16:42]} Kxb7 {[%clk 0:19:59]} 18. Qd5+
{[%clk 0:16:51]} Kc8 19. Qc6+ {[%clk 0:16:24]} Kd8 {[%clk 0:20:01]} 20. Nxb6
{[%clk 0:16:12]} Nxb6 {[%clk 0:19:58]} 21. Bxb6+ {[%clk 0:16:21]} axb6
{[%clk 0:20:07]} 22. Qxb6+ {[%clk 0:16:25]} Ke8 {[%clk 0:20:15]} 23. Nd5
{[%clk 0:16:29]} Qf7 {[%clk 0:20:10]} 24. Nxe7 {[%clk 0:16:20]} Kxe7
{[%clk 0:20:13]} 25. Qc7+ {[%clk 0:16:25]} Kf8 {[%clk 0:20:19]} 26. Qxd6+
{[%clk 0:16:32]} 1-0

[Event "MESRRK"]
[Site "?"]
[Date "2018.05.26"]
[Round "6.6"]
[White "Stevik, Patrik"]
[Black "Pniaczek, Krzysztof"]
[Result "1-0"]
[BlackElo "1069"]
[WhiteElo "1609"]
[LiveChessVersion "1.4.8"]

1. e4 {[%clk 0:20:16]} e5 {[%clk 0:20:18]} 2. Nf3 {[%clk 0:20:26]} Nc6
{[%clk 0:20:27]} 3. Bb5 {[%clk 0:20:34]} Nf6 {[%clk 0:20:35]} 4. O-O
{[%clk 0:20:41]} a6 {[%clk 0:20:43]} 5. Ba4 {[%clk 0:20:49]} Bc5 {[%clk 0:20:51]}
6. Bxc6 {[%clk 0:20:51]} dxc6 {[%clk 0:20:57]} 7. Nxe5 {[%clk 0:20:58]} Bd6
{[%clk 0:20:18]} 8. Nf3 {[%clk 0:21:02]} Bc5 {[%clk 0:19:31]} 9. d4
{[%clk 0:21:10]} Bb6 {[%clk 0:19:37]} 10. Bg5 {[%clk 0:21:13]} O-O
{[%clk 0:19:31]} 11. e5 {[%clk 0:21:22]} h6 {[%clk 0:19:31]} 12. Bh4
{[%clk 0:21:03]} Bg4 {[%clk 0:19:04]} 13. exf6 {[%clk 0:21:10]} Bxf3
{[%clk 0:19:05]} 14. Qxf3 {[%clk 0:21:16]} g6 {[%clk 0:19:11]} 15. Qf4
{[%clk 0:21:20]} Bxd4 {[%clk 0:19:11]} 16. c3 {[%clk 0:21:21]} Bc5
{[%clk 0:18:52]} 17. Qxh6 {[%clk 0:21:25]} Qd6 {[%clk 0:18:10]} 18. Qg7# 1-0

[Event "MESRRK"]
[Site "?"]
[Date "2018.05.26"]
[Round "6.7"]
[White "Zumrik, Lukas"]
[Black "Boba, Dominik"]
[Result "1/2-1/2"]
[BlackElo "1430"]
[WhiteElo "1440"]
[LiveChessVersion "1.4.8"]

1. d4 {[%clk 0:20:18]} d5 {[%clk 0:20:18]} 2. c4 {[%clk 0:20:26]} e6
{[%clk 0:20:26]} 3. Nc3 {[%clk 0:20:35]} Nf6 {[%clk 0:20:35]} 4. cxd5
{[%clk 0:20:42]} exd5 {[%clk 0:20:43]} 5. Bg5 {[%clk 0:20:49]} Be7
{[%clk 0:20:48]} 6. e3 {[%clk 0:20:53]} O-O {[%clk 0:20:28]} 7. Bd3
{[%clk 0:21:00]} c6 {[%clk 0:20:31]} 8. Qc2 {[%clk 0:21:07]} h6 {[%clk 0:20:27]}
9. Bh4 {[%clk 0:21:15]} Be6 {[%clk 0:20:20]} 10. Nge2 {[%clk 0:21:20]} Re8
{[%clk 0:18:46]} 11. O-O {[%clk 0:21:17]} Nbd7 {[%clk 0:16:55]} 12. Rac1
{[%clk 0:20:39]} Rc8 {[%clk 0:13:16]} 13. a3 {[%clk 0:19:11]} a6 {[%clk 0:10:16]}
14. b4 {[%clk 0:19:17]} Nb6 {[%clk 0:08:13]} 15. Na4 {[%clk 0:17:45]} Nxa4
{[%clk 0:06:48]} 16. Qxa4 {[%clk 0:17:52]} Nd7 {[%clk 0:06:04]} 17. Bxe7
{[%clk 0:17:40]} Qxe7 {[%clk 0:06:08]} 18. Qc2 {[%clk 0:17:20]} Nb6
{[%clk 0:04:22]} 19. Nf4 {[%clk 0:15:35]} Rcd8 {[%clk 0:03:55]} 20. Nxe6
{[%clk 0:15:43]} Qxe6 {[%clk 0:03:37]} 21. a4 {[%clk 0:14:58]} Nd7
{[%clk 0:02:01]} 22. a5 {[%clk 0:14:56]} Qd6 {[%clk 0:01:39]} 23. Qb1
{[%clk 0:14:40]} Rc8 {[%clk 0:01:40]} 24. Rc3 {[%clk 0:14:02]} 1/2-1/2

[Event "MESRRK"]
[Site "?"]
[Date "2018.05.26"]
[Round "6.8"]
[White "Orgon, Patrik"]
[Black "Sevcikova, Lucia"]
[Result "0-1"]
[BlackElo "1434"]
[WhiteElo "1355"]
[LiveChessVersion "1.4.8"]

1. e4 {[%clk 0:20:19]} c6 {[%clk 0:20:20]} 2. Nc3 {[%clk 0:20:27]} d5
{[%clk 0:20:28]} 3. Nf3 {[%clk 0:20:35]} Bg4 {[%clk 0:20:37]} 4. Be2
{[%clk 0:20:36]} e6 {[%clk 0:20:43]} 5. O-O {[%clk 0:20:38]} Bd6 {[%clk 0:20:38]}
6. exd5 {[%clk 0:20:41]} cxd5 {[%clk 0:20:37]} 7. d3 {[%clk 0:20:31]} Nc6
{[%clk 0:20:33]} 8. h3 {[%clk 0:20:37]} Bh5 {[%clk 0:20:31]} 9. Be3
{[%clk 0:19:58]} Nf6 {[%clk 0:19:48]} 10. Nd4 {[%clk 0:19:59]} Bxe2
{[%clk 0:19:51]} 11. Qxe2 {[%clk 0:20:05]} O-O {[%clk 0:19:39]} 12. Nb3
{[%clk 0:19:42]} Bc7 {[%clk 0:19:24]} 13. Bg5 {[%clk 0:19:41]} a6
{[%clk 0:19:01]} 14. Rfe1 {[%clk 0:19:39]} Qd6 {[%clk 0:19:01]} 15. g3
{[%clk 0:19:31]} Nd7 {[%clk 0:18:26]} 16. Qg4 {[%clk 0:19:24]} Nde5
{[%clk 0:17:58]} 17. Qe2 {[%clk 0:17:56]} Ng6 {[%clk 0:17:47]} 18. h4
{[%clk 0:16:57]} h6 {[%clk 0:17:48]} 19. Bd2 {[%clk 0:16:42]} Nxh4
{[%clk 0:17:15]} 20. Qg4 {[%clk 0:15:56]} Ng6 {[%clk 0:17:15]} 21. Ne2
{[%clk 0:15:44]} Nce5 {[%clk 0:16:29]} 22. Qh5 {[%clk 0:15:35]} Qe7
{[%clk 0:15:33]} 23. Kg2 {[%clk 0:15:02]} Qf6 {[%clk 0:15:09]} 24. Rh1
{[%clk 0:14:45]} Bb6 {[%clk 0:14:36]} 25. Raf1 {[%clk 0:14:48]} Qf5
{[%clk 0:14:01]} 26. Qxf5 {[%clk 0:14:27]} exf5 {[%clk 0:14:10]} 27. Nf4
{[%clk 0:14:32]} Nxf4+ {[%clk 0:13:39]} 28. Bxf4 {[%clk 0:14:33]} Ng4
{[%clk 0:13:38]} 29. Nd2 {[%clk 0:13:01]} Rfe8 {[%clk 0:13:18]} 30. Nb1
{[%clk 0:10:50]} Re2 {[%clk 0:12:59]} 31. Nc3 {[%clk 0:10:47]} Rxc2
{[%clk 0:12:46]} 32. Nd1 {[%clk 0:10:18]} Re8 {[%clk 0:12:27]} 33. Kg1
{[%clk 0:09:13]} Ree2 {[%clk 0:12:21]} 34. Rh3 {[%clk 0:08:34]} Nxf2
{[%clk 0:11:58]} 35. Nxf2 {[%clk 0:08:31]} Rxf2 {[%clk 0:11:53]} 36. Rxf2
{[%clk 0:07:48]} Rxf2 {[%clk 0:12:01]} 37. Kh1 {[%clk 0:07:56]} Rxb2
{[%clk 0:12:03]} 38. Rh5 {[%clk 0:07:58]} Rxa2 {[%clk 0:11:40]} 39. Rxf5
{[%clk 0:08:04]} d4 {[%clk 0:11:07]} 40. Rd5 {[%clk 0:07:58]} Ra3
{[%clk 0:10:42]} 41. Rd7 {[%clk 0:07:58]} Rxd3 {[%clk 0:10:36]} 42. Rxb7
{[%clk 0:08:05]} Bc5 {[%clk 0:10:25]} 43. Rc7 {[%clk 0:08:11]} Bb4
{[%clk 0:10:22]} 44. Rc8+ {[%clk 0:08:18]} Kh7 {[%clk 0:10:30]} 45. Rd8
{[%clk 0:08:22]} Bc3 {[%clk 0:09:54]} 46. Rd7 {[%clk 0:08:29]} f6
{[%clk 0:09:56]} 47. Kg2 {[%clk 0:08:09]} Rd1 {[%clk 0:09:36]} 48. Kf2
{[%clk 0:08:18]} d3 {[%clk 0:08:19]} 49. Rd6 {[%clk 0:08:11]} a5 {[%clk 0:08:02]}
50. Rd5 {[%clk 0:08:10]} d2 {[%clk 0:07:58]} 51. Bxd2 {[%clk 0:07:51]} Rxd2+
{[%clk 0:08:06]} 52. Rxd2 {[%clk 0:07:59]} Bxd2 {[%clk 0:08:15]} 53. Ke2
{[%clk 0:08:06]} Bb4 {[%clk 0:08:25]} 54. Kf3 {[%clk 0:08:10]} a4
{[%clk 0:08:34]} 55. Kf4 {[%clk 0:07:30]} a3 {[%clk 0:08:39]} 56. Kf5
{[%clk 0:07:39]} a2 {[%clk 0:08:47]} 57. g4 {[%clk 0:07:47]} a1=Q
{[%clk 0:08:54]} 58. g5 {[%clk 0:07:53]} Qe5+ {[%clk 0:09:02]} 59. Kg4
{[%clk 0:08:02]} Qxg5+ {[%clk 0:09:11]} 60. Kf3 {[%clk 0:08:10]} h5
{[%clk 0:09:16]} 61. Kf2 {[%clk 0:08:18]} h4 {[%clk 0:09:25]} 62. Kf1
{[%clk 0:08:27]} h3 {[%clk 0:09:33]} 63. Kf2 {[%clk 0:08:34]} h2 {[%clk 0:09:42]}
64. Kf3 {[%clk 0:08:39]} h1=R {[%clk 0:09:44]} 65. Kf2 {[%clk 0:08:47]} Qg1+
{[%clk 0:09:51]} 66. Kf3 {[%clk 0:08:55]} Rh3+ {[%clk 0:10:00]} 67. Ke4
{[%clk 0:09:04]} Qg4+ {[%clk 0:10:08]} 68. Kd5 {[%clk 0:09:12]} Rd3+
{[%clk 0:10:13]} 69. Kc6 {[%clk 0:09:20]} Qc4+ {[%clk 0:10:20]} 70. Kb6
{[%clk 0:09:28]} Bf8 {[%clk 0:10:21]} 71. Kb7 {[%clk 0:09:37]} Rb3+
{[%clk 0:10:30]} 72. Ka7 {[%clk 0:09:24]} Qa4# 0-1

[Event "MESRRK"]
[Site "?"]
[Date "2018.05.26"]
[Round "6.9"]
[White "Lovcican, Tomas"]
[Black "Licka, Denis"]
[Result "0-1"]
[BlackElo "1306"]
[WhiteElo "1547"]
[LiveChessVersion "1.4.8"]

1. d4 {[%clk 0:20:18]} Nf6 {[%clk 0:20:18]} 2. Nf3 {[%clk 0:20:27]} b6
{[%clk 0:20:26]} 3. c4 {[%clk 0:20:35]} e6 {[%clk 0:20:35]} 4. Nc3
{[%clk 0:20:42]} Bb4 {[%clk 0:20:43]} 5. e3 {[%clk 0:20:24]} Bb7 {[%clk 0:20:44]}
6. Bd2 {[%clk 0:20:31]} O-O {[%clk 0:20:47]} 7. Bd3 {[%clk 0:20:37]} d6
{[%clk 0:20:45]} 8. a3 {[%clk 0:20:45]} Bxc3 {[%clk 0:20:52]} 9. Bxc3
{[%clk 0:20:53]} Be4 {[%clk 0:20:32]} 10. O-O {[%clk 0:20:43]} Nbd7
{[%clk 0:20:36]} 11. Rc1 {[%clk 0:20:28]} c5 {[%clk 0:20:42]} 12. Bxe4
{[%clk 0:20:06]} Nxe4 {[%clk 0:20:49]} 13. d5 {[%clk 0:19:34]} e5
{[%clk 0:20:39]} 14. b4 {[%clk 0:19:16]} f5 {[%clk 0:20:39]} 15. Qc2
{[%clk 0:18:17]} g5 {[%clk 0:20:35]} 16. h3 {[%clk 0:17:50]} h5 {[%clk 0:20:22]}
17. Nh2 {[%clk 0:17:18]} cxb4 {[%clk 0:19:42]} 18. axb4 {[%clk 0:17:07]} Rc8
{[%clk 0:19:48]} 19. Qa2 {[%clk 0:16:52]} Rc7 {[%clk 0:17:43]} 20. Bd2
{[%clk 0:16:20]} g4 {[%clk 0:16:36]} 21. hxg4 {[%clk 0:15:01]} hxg4
{[%clk 0:16:42]} 22. f4 {[%clk 0:14:53]} Qh4 {[%clk 0:13:36]} 23. Be1
{[%clk 0:14:40]} Qh5 {[%clk 0:13:12]} 24. fxe5 {[%clk 0:13:07]} Nxe5
{[%clk 0:13:07]} 25. Qb3 {[%clk 0:12:50]} g3 {[%clk 0:12:35]} 26. Bxg3
{[%clk 0:10:15]} Nxg3 {[%clk 0:12:28]} 27. Rfe1 {[%clk 0:09:57]} Ne4
{[%clk 0:12:10]} 28. Rc2 {[%clk 0:09:17]} Rh7 {[%clk 0:11:58]} 29. g3
{[%clk 0:09:10]} Nf3+ {[%clk 0:11:57]} 0-1

[Event "MESRRK"]
[Site "?"]
[Date "2018.05.26"]
[Round "6.10"]
[White "Paluska, Karol"]
[Black "Kulich, Daniel"]
[Result "1-0"]
[BlackElo "1127"]
[WhiteElo "1431"]
[LiveChessVersion "1.4.8"]

1. Nf3 {[%clk 0:20:19]} Nc6 {[%clk 0:20:16]} 2. d4 {[%clk 0:20:27]} d5
{[%clk 0:20:24]} 3. c4 {[%clk 0:20:34]} Bf5 {[%clk 0:20:14]} 4. Nc3
{[%clk 0:20:28]} e6 {[%clk 0:20:15]} 5. a3 {[%clk 0:20:37]} Nf6 {[%clk 0:20:24]}
6. Bg5 {[%clk 0:20:44]} h6 {[%clk 0:20:28]} 7. Bh4 {[%clk 0:20:52]} Be7
{[%clk 0:20:23]} 8. e3 {[%clk 0:21:01]} O-O {[%clk 0:20:27]} 9. Qb3
{[%clk 0:20:56]} Na5 {[%clk 0:20:28]} 10. Qa4 {[%clk 0:20:15]} c6
{[%clk 0:20:12]} 11. c5 {[%clk 0:20:10]} Nd7 {[%clk 0:19:48]} 12. Bxe7
{[%clk 0:20:04]} Qxe7 {[%clk 0:19:54]} 13. Qxa5 {[%clk 0:19:58]} b6
{[%clk 0:20:01]} 14. cxb6 {[%clk 0:19:57]} axb6 {[%clk 0:20:09]} 15. Qb4
{[%clk 0:19:31]} Qxb4 16. axb4 {[%clk 0:19:40]} Rxa1+ {[%clk 0:20:25]} 17. Kd2
{[%clk 0:19:46]} c5 {[%clk 0:20:11]} 18. dxc5 {[%clk 0:19:43]} bxc5
{[%clk 0:20:17]} 19. bxc5 {[%clk 0:19:48]} Nxc5 {[%clk 0:20:25]} 20. Nd4
{[%clk 0:19:56]} Ne4+ {[%clk 0:20:26]} 21. Nxe4 {[%clk 0:19:57]} Bxe4
{[%clk 0:20:34]} 22. f3 {[%clk 0:19:46]} Bh7 {[%clk 0:20:29]} 23. g3
{[%clk 0:18:30]} Rb8 {[%clk 0:20:32]} 24. Kc3 {[%clk 0:18:24]} Rc1+
{[%clk 0:20:38]} 25. Kd2 {[%clk 0:18:30]} Ra1 {[%clk 0:20:33]} 26. Kc3
{[%clk 0:16:34]} e5 {[%clk 0:20:22]} 27. Nb3 {[%clk 0:14:12]} d4+
{[%clk 0:20:12]} 28. exd4 {[%clk 0:14:20]} exd4+ {[%clk 0:20:20]} 29. Nxd4
{[%clk 0:14:25]} Rc1+ {[%clk 0:18:34]} 30. Kd2 {[%clk 0:14:15]} Rb1
{[%clk 0:18:38]} 31. b3 {[%clk 0:13:42]} Rd8 {[%clk 0:18:36]} 32. Kc3
{[%clk 0:13:19]} Rc1+ {[%clk 0:18:29]} 33. Kb2 {[%clk 0:13:02]} Rb1+
{[%clk 0:18:28]} 34. Kc3 {[%clk 0:13:05]} Rc8+ {[%clk 0:18:07]} 35. Kb4
{[%clk 0:12:03]} Bc2 {[%clk 0:17:48]} 36. Bg2 {[%clk 0:06:29]} Rxh1
{[%clk 0:16:03]} 37. Bxh1 {[%clk 0:06:39]} Bd1 {[%clk 0:15:58]} 38. f4
{[%clk 0:06:06]} g6 {[%clk 0:15:39]} 39. Nc6 {[%clk 0:05:35]} Rc7
{[%clk 0:15:31]} 40. Kc3 {[%clk 0:05:20]} Kg7 {[%clk 0:14:58]} 41. b4
{[%clk 0:04:42]} Be2 {[%clk 0:14:52]} 42. Kd4 {[%clk 0:04:06]} Rd7+
{[%clk 0:14:54]} 43. Kc5 {[%clk 0:04:05]} Rb7 {[%clk 0:14:54]} 44. Bd5
{[%clk 0:03:33]} g5 {[%clk 0:14:30]} 45. fxg5 {[%clk 0:02:50]} hxg5
{[%clk 0:14:36]} 46. Nd4 {[%clk 0:02:20]} Bd3 {[%clk 0:14:37]} 47. Bxb7
{[%clk 0:02:26]} Kh6 {[%clk 0:14:42]} 48. b5 {[%clk 0:02:32]} Bxb5
{[%clk 0:14:50]} 49. Nxb5 {[%clk 0:02:40]} Kh5 {[%clk 0:14:57]} 50. Bf3+
{[%clk 0:02:36]} g4 {[%clk 0:15:06]} 51. Be4 {[%clk 0:02:44]} Kg5
{[%clk 0:15:12]} 52. Nd6 {[%clk 0:02:52]} Kh5 {[%clk 0:15:01]} 53. Kd5
{[%clk 0:02:47]} Kg5 {[%clk 0:15:08]} 54. Nxf7+ {[%clk 0:02:56]} Kf6
{[%clk 0:15:16]} 55. Ne5 {[%clk 0:03:01]} Kg5 {[%clk 0:15:25]} 56. Nxg4
{[%clk 0:03:02]} Kxg4 {[%clk 0:15:33]} 57. Bg2 {[%clk 0:03:11]} Kh5
{[%clk 0:15:41]} 58. Ke5 {[%clk 0:03:19]} Kg5 {[%clk 0:15:49]} 59. Bf3
{[%clk 0:03:26]} Kg6 {[%clk 0:15:56]} 60. h4 {[%clk 0:03:34]} Kh6
{[%clk 0:16:04]} 61. Kf5 {[%clk 0:03:43]} Kg7 {[%clk 0:16:13]} 62. g4
{[%clk 0:03:51]} Kf7 {[%clk 0:16:22]} 63. Bd5+ {[%clk 0:03:58]} Kg7
{[%clk 0:16:30]} 64. h5 {[%clk 0:04:07]} Kh6 {[%clk 0:16:38]} 65. g5+
{[%clk 0:03:54]} Kg7 {[%clk 0:16:47]} 66. h6+ {[%clk 0:04:02]} Kh7
{[%clk 0:16:56]} 67. g6+ {[%clk 0:04:05]} Kxh6 {[%clk 0:16:55]} 68. Kf6
{[%clk 0:04:12]} Kh5 {[%clk 0:17:04]} 69. g7 {[%clk 0:04:19]} Kh4
{[%clk 0:17:12]} 70. g8=Q {[%clk 0:04:27]} Kh3 {[%clk 0:17:17]} 71. Bg2+
{[%clk 0:04:29]} Kh4 {[%clk 0:17:25]} 72. Qg5# {[%clk 0:04:36]} 1-0

[Event "MESRRK"]
[Site "?"]
[Date "2018.05.26"]
[Round "6.11"]
[White "Buchta, Bartolomej"]
[Black "Brozka, Karel"]
[Result "0-1"]
[BlackElo "1590"]
[WhiteElo "1405"]
[LiveChessVersion "1.4.8"]

1. e4 {[%clk 0:20:17]} c6 {[%clk 0:20:14]} 2. d4 {[%clk 0:20:25]} d5
{[%clk 0:20:23]} 3. Nc3 {[%clk 0:20:33]} dxe4 {[%clk 0:20:29]} 4. Nxe4
{[%clk 0:20:41]} Nf6 {[%clk 0:20:38]} 5. Nxf6+ {[%clk 0:20:38]} exf6
{[%clk 0:20:46]} 6. Nf3 {[%clk 0:20:44]} Bd6 {[%clk 0:20:50]} 7. Be3
{[%clk 0:20:44]} Bg4 {[%clk 0:20:47]} 8. h3 {[%clk 0:20:48]} Be6 {[%clk 0:20:55]}
9. Bd3 {[%clk 0:20:10]} Nd7 {[%clk 0:20:50]} 10. Qd2 {[%clk 0:20:06]} Qc7
{[%clk 0:20:43]} 11. Qe2 {[%clk 0:19:11]} O-O-O {[%clk 0:19:28]} 12. O-O
{[%clk 0:19:02]} g5 {[%clk 0:19:25]} 13. Rfb1 {[%clk 0:18:56]} h5
{[%clk 0:19:26]} 14. b4 {[%clk 0:18:57]} g4 {[%clk 0:19:27]} 15. Nd2
{[%clk 0:17:49]} gxh3 {[%clk 0:19:26]} 16. g3 {[%clk 0:17:44]} Rdg8
{[%clk 0:18:40]} 17. Ne4 {[%clk 0:17:42]} h4 {[%clk 0:18:08]} 18. Nxd6+
{[%clk 0:17:36]} Qxd6 {[%clk 0:18:16]} 19. a4 {[%clk 0:15:52]} hxg3
{[%clk 0:18:20]} 20. f3 {[%clk 0:15:54]} h2+ {[%clk 0:18:13]} 21. Kg2
{[%clk 0:15:45]} Bh3+ {[%clk 0:18:22]} 22. Kh1 {[%clk 0:15:44]} g2+
{[%clk 0:18:25]} 23. Qxg2 {[%clk 0:15:48]} Bxg2# {[%clk 0:18:33]} 0-1